|
|
|
|
| LEADER |
03438nam a2200493 4500 |
| 001 |
978-3-319-94262-9 |
| 003 |
DE-He213 |
| 005 |
20191220125556.0 |
| 007 |
cr nn 008mamaa |
| 008 |
180915s2018 gw | s |||| 0|eng d |
| 020 |
|
|
|a 9783319942629
|9 978-3-319-94262-9
|
| 024 |
7 |
|
|a 10.1007/978-3-319-94262-9
|2 doi
|
| 040 |
|
|
|d GrThAP
|
| 050 |
|
4 |
|a HG187.4
|
| 072 |
|
7 |
|a KFF
|2 bicssc
|
| 072 |
|
7 |
|a BUS112000
|2 bisacsh
|
| 072 |
|
7 |
|a KFF
|2 thema
|
| 072 |
|
7 |
|a JBSR
|2 thema
|
| 082 |
0 |
4 |
|a 332.091767
|2 23
|
| 100 |
1 |
|
|a Lahsasna, Ahcene.
|e author.
|4 aut
|4 http://id.loc.gov/vocabulary/relators/aut
|
| 245 |
1 |
0 |
|a Forward Lease Sukuk in Islamic Capital Markets
|h [electronic resource] :
|b Structure and Governing Rules /
|c by Ahcene Lahsasna, M. Kabir Hassan, Rubi Ahmad.
|
| 250 |
|
|
|a 1st ed. 2018.
|
| 264 |
|
1 |
|a Cham :
|b Springer International Publishing :
|b Imprint: Palgrave Macmillan,
|c 2018.
|
| 300 |
|
|
|a XVII, 285 p. 45 illus.
|b online resource.
|
| 336 |
|
|
|a text
|b txt
|2 rdacontent
|
| 337 |
|
|
|a computer
|b c
|2 rdamedia
|
| 338 |
|
|
|a online resource
|b cr
|2 rdacarrier
|
| 347 |
|
|
|a text file
|b PDF
|2 rda
|
| 505 |
0 |
|
|a Chapter 1. Introduction to Sukuk -- Chapter 2. An Overview of Islamic Capital Market (ICM) and Sukuk Industry -- Chapter 3. Sukuk in Islamic Capital Market -- Chapter 4. Types of Sukuk, Their Classification and Structure in Islamic Capital Market -- Chapter 5. Theory of Ijarah, Securitization and the Concept Financial Certificate -- Chapter 6. Forward Ijarah Sukuk: Concept, Issuance, Structuring and General Governing Rules -- Chapter 7. Major Principles, Terms and Conditions Governing Ijarah Sukuk Issuance as Practiced in the Islamic Capital Market -- Chapter 8. Forward Lease / Ijarah Sukuk: Issues, Challenges and Shariah Compliance -- Chapter 9. Sukuk Ijarah & Forward Lease Sukuk-Case Study -- Chapter 10. Conclusion, Recommendation and Policy Implication -- Appendix A. Securities Commission Malaysia Guidelines on Sukuk -- Appendix B. IFSB Requirements on Sukuk Issuance -- Appendix C. DFM Standard for Issuing, Acquiring and Tradin Sukuk -- Appendix D. Glossary.
|
| 520 |
|
|
|a This book focuses on forward lease sukuk, which is one of the most viable and dynamic Shari'ah-compliant instruments in the Islamic capital market. The idea of forward lease sukuk is to raise funds from non-existent assets whose subject matter does not exist at the time of the sukuk issuance. This book discusses the significant features of forward lease sukuk and demonstrates its vital contribution to project construction and manufacturing within the expanding field of Islamic finance.
|
| 650 |
|
0 |
|a Finance, Public-Islamic countries.
|
| 650 |
|
0 |
|a Capital market.
|
| 650 |
1 |
4 |
|a Islamic Finance.
|0 http://scigraph.springernature.com/things/product-market-codes/626040
|
| 650 |
2 |
4 |
|a Capital Markets.
|0 http://scigraph.springernature.com/things/product-market-codes/616000
|
| 700 |
1 |
|
|a Hassan, M. Kabir.
|e author.
|4 aut
|4 http://id.loc.gov/vocabulary/relators/aut
|
| 700 |
1 |
|
|a Ahmad, Rubi.
|e author.
|4 aut
|4 http://id.loc.gov/vocabulary/relators/aut
|
| 710 |
2 |
|
|a SpringerLink (Online service)
|
| 773 |
0 |
|
|t Springer eBooks
|
| 776 |
0 |
8 |
|i Printed edition:
|z 9783319942612
|
| 776 |
0 |
8 |
|i Printed edition:
|z 9783319942636
|
| 776 |
0 |
8 |
|i Printed edition:
|z 9783030068233
|
| 856 |
4 |
0 |
|u https://doi.org/10.1007/978-3-319-94262-9
|z Full Text via HEAL-Link
|
| 912 |
|
|
|a ZDB-2-ECF
|
| 950 |
|
|
|a Economics and Finance (Springer-41170)
|